000 00540nam a2200145Ia 4500
008 100415s9999 xx 000 0 und d
082 _b18107
_a719.36(5475)
100 _aSingh HS
245 _aWildlife of Gujarat : Wildlife and Protected Habitats of Gujarat State
260 _aGANDHINAGAR
_c1998
_bGUJARAT ECOLOGICAL EDUCATION A
365 _b600
630 _aWildlife of Gujarat : Wildlife and Protected Habitats of Gujarat State
730 _aWildlife of Gujarat : Wildlife and Protected Habitats of Gujarat State
942 _cBOOK
999 _c601004
_d601001